| 000 | 00997nam a22002297a 4500 | ||
|---|---|---|---|
| 999 |
_c64475 _d64475 |
||
| 005 | 20240530110733.0 | ||
| 008 | 180310s2016 ua a g b 000 0 ara d | ||
| 017 |
_a2015/10930 _bمصر. دار الكتب |
||
| 020 | _a9789772768752 | ||
| 040 |
_aEG-CaGPL _cEG-CaGPL |
||
| 082 | 0 | 4 |
_221 _a327.09\ _bهـ م |
| 100 | 0 | _aهايدى عصمت كارس | |
| 245 | 1 | 2 |
_aالمستمر والمتغير فى السياسة الخارجية للاتحاد الاوروبى تجاه جنوب المتوسط فى اعقاب الثورات العربية / _cاعداد هايدى عصمت كارس . |
| 250 | _aط.1 | ||
| 260 |
_aالقاهرة : _bالمكتب العربى للمعارف ، _c2016 . |
||
| 300 |
_a405 ص. ؛ _c24 سم. |
||
| 650 | 0 | 7 |
_2qrmak _aالهجرة غير الشرعية |
| 650 | 0 | 7 |
_2qrmak _aاللاجئون |
| 651 | 0 | 7 |
_2qrmak _aالاتحاد الاوروبى _xالعلاقات الخارجية |
| 942 |
_2ddc _cBK |
||